Southville International School and Colleges
Your cart is empty.
  • Cart
  • Lists
    Public lists Eva Luna New books Lux_list list_1
    Your lists Log in to create your own lists
  • Log in to your account
  • Your cookies
  • Search history
Southville International School and Colleges
  • Advanced search
  • Recent comments
  • Most popular
  • Libraries

Log in to your account

Log in with GOOGLE


If you do not have an external account, but do have a local account, you can still log in:

  1. Home
  2. MARC view: Make change your family business tradition /
Normal view MARC view ISBD view

Make change your family business tradition / (Record no. 275391)

[ view plain ]
MARC details
000 -LEADER
fixed length control field 01132cam a2200325 a 4500
001 - CONTROL NUMBER
control field 16524127
003 - CONTROL NUMBER IDENTIFIER
control field SISC
005 - DATE AND TIME OF LATEST TRANSACTION
control field 20170126082420.0
008 - FIXED-LENGTH DATA ELEMENTS--GENERAL INFORMATION
fixed length control field 101029r20112001nyu 001 0 eng
010 ## - LIBRARY OF CONGRESS CONTROL NUMBER
LC control number 2010045295
020 ## - INTERNATIONAL STANDARD BOOK NUMBER
International Standard Book Number 9780230111127 (pbk.)
040 ## - CATALOGING SOURCE
Original cataloging agency DLC
Transcribing agency DLC
Modifying agency DLC
042 ## - AUTHENTICATION CODE
Authentication code pcc
050 00 - LIBRARY OF CONGRESS CALL NUMBER
Classification number HD 62.25
Item number .A7646 2011
082 00 - DEWEY DECIMAL CLASSIFICATION NUMBER
Classification number 658.4/06
100 1# - MAIN ENTRY--PERSONAL NAME
Personal name Aronoff, Craig E.
245 10 - TITLE STATEMENT
Title Make change your family business tradition /
Statement of responsibility, etc Craig E. Aronoff and John L. Ward.
250 ## - EDITION STATEMENT
Edition statement 1st Palgrave Macmillan edition.
260 ## - PUBLICATION, DISTRIBUTION, ETC. (IMPRINT)
Place of publication, distribution, etc New York :
Name of publisher, distributor, etc Palgrave Macmillan,
Date of publication, distribution, etc 2011.
300 ## - PHYSICAL DESCRIPTION
Extent 89 pages ;
Dimensions 21 cm.
490 0# - SERIES STATEMENT
Series statement Family business leadership series.
500 ## - GENERAL NOTE
General note Originally published: Marietta, GA : Family Enterprise Publishers, c2001.
500 ## - GENERAL NOTE
General note Includes index.
650 #0 - SUBJECT ADDED ENTRY--TOPICAL TERM
Topical term or geographic name as entry element Family-owned business enterprises
General subdivision Management.
650 #0 - SUBJECT ADDED ENTRY--TOPICAL TERM
Topical term or geographic name as entry element Small business
General subdivision Management.
700 1# - ADDED ENTRY--PERSONAL NAME
Personal name Ward, John L.
Dates associated with a name 1945-
906 ## - LOCAL DATA ELEMENT F, LDF (RLIN)
a 7
b cbc
c orignew
d 1
e ecip
f 20
g y-gencatlg
942 ## - ADDED ENTRY ELEMENTS (KOHA)
Source of classification or shelving scheme Library of Congress Classification
Koha item type Books
Call number prefix Foreign
Holdings
Withdrawn status Lost status Source of classification or shelving scheme Damaged status Home library Current library Shelving location Date acquired Cost, normal purchase price Total Checkouts Full call number Barcode Date last seen Copy number Price effective from Koha item type Not for loan Source of acquisition
    Library of Congress Classification   College Library College Library General Circulation Section 09/04/2012 2311.00   HD 62.25 .Ar7646 2011 C15515 05/15/2018 1 10/18/2013 Books    
    Library of Congress Classification   College Library College Library General Circulation Section 09/03/2014     HD 62.25 .A7646 2011 C18597 05/15/2018   09/03/2014 Books On Process Donation

Make change your family business tradition /

APA

Aronoff C. E., Ward J. L., . (2011). Make change your family business tradition. New York: Palgrave Macmillan.

Chicago

Aronoff Craig E, Ward John L, . 2011. Make change your family business tradition. New York: Palgrave Macmillan.

Harvard

Aronoff C. E., Ward J. L., . (2011). Make change your family business tradition. New York: Palgrave Macmillan.

MLA

Aronoff Craig E, Ward John L, . Make change your family business tradition. New York: Palgrave Macmillan. 2011.

  • Place hold
  • Print
  • Cite
  • Add to your cart (remove)
  • Save record
    BIBTEX Dublin Core MARCXML MARC (non-Unicode/MARC-8) MARC (Unicode/UTF-8) MARC (Unicode/UTF-8, Standard) MODS (XML) RIS
  • More searches
    Search for this title in:
    Other Libraries (WorldCat) Other Databases (Google Scholar) Online Stores (Bookfinder.com) Open Library (openlibrary.org)

Exporting to Dublin Core...

SOUTHVILLE LIBRARY

Southville International School and Colleges Library

1281 Tropical Ave. Cor. Luxembourg St., BF Homes International, Las Pinas City

Tel. No. 8256374 / 252358 Loc. 117/146

Powered by Koha